000 00229nam a2200097Ia 4500
008 190216s9999||||xx |||||||||||||| ||und||
100 _aNull
245 0 _aHindi-Adunikatha Or Rashtriyada
260 _bSaraswathi Press
942 _cBK
999 _c17023
_d17023